| 000 | 01436nam a22001457a 4500 | ||
|---|---|---|---|
| 999 |
_c531208 _d531208 |
||
| 008 | 250801b ||||| |||| 00| 0 eng d | ||
| 100 |
_aBabu,D. Ravindra Satish _955915 |
||
| 245 | _ae-Justice in India: A conceptual framework | ||
| 260 | _aIndian Journal of Public Administration | ||
| 300 | _a71(2), Jun, 2025: p.328-341 | ||
| 520 | _aThe article examines the introduction of information and communication technology (ICT) in India’s judicial system and its implications on judicial procedures and governance, potentially influencing constitutional values like transparency and accountability. It conceptualises the functional and managerial aspects of smart judicial governance. As this is a new initiative, there is limited performance data regarding the application of e-justice technologies. Additionally, the article explores the conceptual framework of e-justice and the digital divide within India, analysing techniques and methods from qualitative and quantitative perspectives. It proposes a gradual transition towards new techno-cultural methods and emphasises the potential of these innovations in delivering justice to all communities and societies.- Reproduced https://journals.sagepub.com/doi/full/10.1177/00195561251339041 | ||
| 650 |
_aDigital divide, e-Judiciary, e-Court, Smart administration, Computerisation, Governance. _955916 |
||
| 773 | _aIndian Journal of Public Administration | ||
| 942 | _cAR | ||